| 000 | 01157cam a2200205 4500 | ||
|---|---|---|---|
| 001 | L129834 | ||
| 008 | 050527n2005 000 0 eng u | ||
| 035 | _a(Sirsi) u129834 | ||
| 041 | _aeng | ||
| 050 |
_a725.23 _c18 |
||
| 110 |
_aCommission for Architecture and the Built Environment _94058 |
||
| 245 | 4 | _aThe impact of office design on business performance | |
| 260 |
_aLondon _bCABE _c2005 |
||
| 520 | _aThis report examines the existing literature that looks at the relationship between the design of the workplace and business performance. Businesses exist to return measurable value to stakeholders. The aim of this study has been to to identify those designs factors that might make office environments more productive, serving strategic purposes of the business. | ||
| 590 | _aIKA070605 | ||
| 690 | _aBUILT ENVIRONMENT-CONSTRUCTION DESIGN-ARCHITECTURAL DESIGN | ||
| 710 |
_aBritish Council for Offices _93992 |
||
| 856 |
_uhttps://webarchive.nationalarchives.gov.uk/20110118095356/http:/www.cabe.org.uk/files/the-impact-of-office-design-on-business-performance.pdf _zView the item free of charge at the www.cabe.org.uk website. |
||
| 942 | _n0 | ||
| 999 |
_c104291 _d104291 |
||